[Event "Landsturneringen 2007"]
[Site "Hamar"]
[Date "2007.07.07"]
[Round "1"]
[White "Lie, Espen"]
[Black "Forså, Espen"]
[Result "1/2-1/2"]
[WhiteElo "2404"]
[BlackElo "2264"]

1. c4 e5 2. g3 Nf6 3. Bg2 d5 4. cxd5 Nxd5 5. Nf3 Nc6 6. O-O Nb6 7. d3 Be7 8.
Nc3 O-O 9. Be3 Re8 10. Rc1 Bf8 11. Na4 Nd4 12. Bxd4 exd4 13. Nc5 Bxc5 14. Rxc5
Qd6 15. Rc2 Be6 16. Nd2 Bd5 17. Bxd5 Nxd5 18. Re1 Nb4 19. Ne4 Rxe4 20. dxe4
Nxc2 21. Qxc2 c5 22. Rc1 b6 23. Qd3 Qe6 24. a3 a5 25. f3 a4 26. Rd1 h5 27. Kg2
Rd8 28. Qb5 Qb3 29. Qxb3 axb3 30. e3 d3 31. Kf2 b5 32. Ke1 c4 33. Kd2 Kf8 34.
Kc3 Ke7 35. a4 bxa4 36. Kxc4 d2 37. Kb4 Rd3 38. Kxa4 Rxe3 39. f4 h4 40. gxh4
Rxe4+ 41. Kxb3 Rxf4 42. Rxd2 Rxh4 43. Kc3 Rh6 44. b4 Rc6+ 45. Kb3 Rc1 46. b5
Rb1+ 47. Kc4 g5 48. Kc5 f5 49. b6 Ke6 50. Kc6 g4 51. Rd6+ Ke5 52. Rd5+ Ke6 53.
Rd6+ Ke5 54. Rg6 Ke4 55. Kc7 Kf3 56. b7 Rxb7+ 57. Kxb7 f4 58. Kc6 g3 59. h4 Kg2
60. h5 f3 61. h6 f2 62. Rf6 f1=Q 63. Rxf1 1/2-1/2

[Event "Landsturneringen 2007"]
[Site "Hamar"]
[Date "2007.07.07"]
[Round "1"]
[White "Tallaksen, Geir Sune"]
[Black "Aulin-Jansson, Jøran"]
[Result "1-0"]
[WhiteElo "2407"]
[BlackElo "2297"]

1. d4 Nf6 2. c4 e6 3. Nf3 c5 4. d5 b5 5. dxe6 fxe6 6. cxb5 d5 7. Nc3 Bb7 8. Bg5
Nbd7 9. e4 d4 10. Na4 Bxe4 11. Bc4 Bxf3 12. gxf3 Ne5 13. Bxe6 Qe7 14. Bd5 Nf7+
15. Kf1 O-O-O 16. Bxf6 Qxf6 17. Qb3 Ne5 18. b6 axb6 19. Be6+ Rd7 20. Nxb6+ Kd8
21. Nxd7 Nxd7 22. Qd5 1-0

[Event "Landsturneringen 2007"]
[Site "Hamar"]
[Date "2007.07.07"]
[Round "1"]
[White "Hole, Øystein"]
[Black "Lie, Kjetil A"]
[Result "1-0"]
[WhiteElo "2400"]
[BlackElo "2536"]

1. Nf3 c5 2. c4 Nc6 3. d4 cxd4 4. Nxd4 Nf6 5. Nc3 e6 6. a3 d5 7. cxd5 exd5 8.
Bg5 Be7 9. e3 O-O 10. Be2 Qb6 11. Nxc6 bxc6 12. Na4 Qa5+ 13. b4 Qc7 14. O-O a5
15. b5 cxb5 16. Bxb5 Ng4 17. Bf4 Bd6 18. Bg3 Bxg3 19. hxg3 Qe5 20. Be2 Qh5 21.
Bxg4 Bxg4 22. Qd4 Ra6 23. f3 Be6 24. Rfc1 Qg5 25. Kf2 h6 26. Rab1 Re8 27. Rc5
Qg6 28. Rb2 Kh7 29. Nc3 Rd6 30. Rxa5 Rc8 31. Rc5 Rdd8 32. Ne2 Rxc5 33. Qxc5 Rc8
34. Qd4 Rc4 35. Qd2 Ra4 36. Nf4 Qf5 37. g4 Qe5 38. Qc2+ g6 39. Nd3 1-0

[Event "Landsturneringen 2007"]
[Site "Hamar"]
[Date "2007.07.07"]
[Round "1"]
[White "Elsness, Frode"]
[Black "Dannevig, Øystein"]
[Result "0-1"]
[WhiteElo "2442"]
[BlackElo "2331"]

1. d4 Nf6 2. c4 e6 3. Nc3 Bb4 4. Qc2 O-O 5. a3 Bxc3+ 6. Qxc3 b6 7. Bg5 Bb7 8.
e3 d6 9. f3 d5 10. Bxf6 Qxf6 11. cxd5 Bxd5 12. e4 Bc6 13. Nh3 Rd8 14. Rd1 Ba4
15. Rd2 c5 16. dxc5 Qxc3 17. bxc3 Rxd2 18. Kxd2 bxc5 19. Be2 Nc6 20. Rb1 Na5
21. Nf2 g5 22. Ke3 Kg7 23. g3 f5 24. Nd3 Rc8 25. exf5 exf5 26. Ne5 Re8 27. f4
Re7 28. Kf2 gxf4 29. gxf4 Rb7 30. Rxb7+ Nxb7 31. Bf3 Nd6 32. c4 Bc2 33. Bd5 Be4
34. Ke3 Bxd5 35. cxd5 Nb5 36. a4 Nc3 37. d6 Kf6 38. Nc6 Ke6 39. a5 Nb5 40. Kd3
Kxd6 41. Ne5 Kd5 42. Nd7 c4+ 43. Ke3 h6 44. h4 Nd6 45. Nf6+ Kc5 46. Ng8 Kb4 47.
Kd2 Kb3 48. Kc1 Ne4 49. Ne7 Ng3 50. Nc6 c3 51. Nd4+ Kc4 52. Nc6 Ne2+ 53. Kd1
Nxf4 54. Kc2 Nd3 55. Nxa7 Nb4+ 56. Kc1 Kb3 0-1

[Event "Landsturneringen 2007"]
[Site "Hamar"]
[Date "2007.07.07"]
[Round "1"]
[White "Djurhuus, Rune"]
[Black "Hansen, Torbjørn R"]
[Result "1-0"]
[WhiteElo "2455"]
[BlackElo "2336"]

1. d4 Nf6 2. Nf3 e6 3. e3 b6 4. Bd3 Bb7 5. O-O c5 6. c4 g6 7. Nc3 Bg7 8. e4
cxd4 9. Nxd4 O-O 10. Ndb5 d6 11. Bf4 e5 12. Bg5 a6 13. Na3 Nbd7 14. b4 Rc8 15.
Qd2 a5 16. Nd5 axb4 17. Bxf6 Bxf6 18. Qxb4 Nc5 19. Rfd1 Ra8 20. Bc2 Bg7 21. Nb5
f5 22. Ndc7 fxe4 23. Nxa8 Bxa8 24. Rxd6 Qh4 25. Qe1 Nd3 26. Bxd3 exd3 27. Rxd3
Qxc4 28. Rb3 e4 29. Rc1 Qa4 30. Qd2 Be5 31. Qd7 Bf4 32. Ra3 Qxa3 33. Nxa3 Bxc1
34. Nc4 Bf4 35. Nxb6 1-0

[Event "Landsturneringen 2007"]
[Site "Hamar"]
[Date "2007.07.07"]
[Round "1"]
[White "Ådnøy, Hallvard V"]
[Black "Grønn, Atle"]
[Result "1/2-1/2"]
[WhiteElo "2289"]
[BlackElo "2422"]

1. e4 c5 2. d4 cxd4 3. c3 dxc3 4. Nxc3 d6 5. Bc4 Nc6 6. Nge2 Nf6 7. O-O e6 8.
Ng3 Be7 9. Be3 O-O 10. f4 a6 11. Qf3 b5 12. Bb3 Na5 13. Bc2 Bb7 14. Rad1 Nc4
15. Bc1 b4 16. Na4 Rc8 17. Qe2 Qa5 18. Kh1 Bc6 19. b3 Na3 20. Bd3 Bb5 21. e5
Nd5 22. Ne4 Rc2 23. Qf3 Bxd3 24. Qxd3 Rc6 25. exd6 Bxd6 26. f5 Qb5 27. Qh3 Be7
28. Qg3 exf5 29. Rxf5 Qe2 30. Rfxd5 Qxe4 31. Bxa3 bxa3 32. h3 Bh4 33. Qd3 Qxd3
34. R1xd3 Rc2 35. Rd2 Rfc8 36. Rxc2 Rxc2 37. Rc5 Rd2 38. Rc8+ Rd8 39. Rxd8+
Bxd8 40. Kg1 f5 41. Kf1 Kf7 42. Ke2 Be7 43. Kd3 Ke6 44. Kc4 h5 45. Nc3 a5 46.
Ne2 g5 47. h4 gxh4 48. Kd3 Ke5 49. Ke3 Bg5+ 50. Kf3 Bd2 51. Ng1 Bf4 52. Ne2 Bh6
53. Nc3 Bf8 54. Ne2 Be7 55. Ke3 Bg5+ 56. Kf3 Be7 57. Ke3 Bd8 58. Kf3 Bb6 59.
Nc3 Bg1 60. Ne2 Bc5 61. Nf4 Bb4 62. Ne2 Bd2 63. Ng1 Be1 64. Ne2 h3 65. gxh3 h4
66. Ke3 f4+ 67. Kf3 Bd2 68. Ng1 Be3 69. Ne2 Bd2 70. Ng1 Be3 71. Ne2 Bd2 1/2-1/2

[Event "Landsturneringen 2007"]
[Site "Hamar"]
[Date "2007.07.07"]
[Round "1"]
[White "Ekeberg, Carl Fr"]
[Black "Fyllingen, Roy H"]
[Result "1/2-1/2"]
[WhiteElo "2331"]
[BlackElo "2407"]

1. d4 Nf6 2. c4 e6 3. g3 Bb4+ 4. Bd2 c5 5. Bxb4 cxb4 6. Bg2 O-O 7. Nf3 d6 8.
O-O Nc6 9. d5 exd5 10. cxd5 Ne7 11. Nh4 Re8 12. Qd3 a5 13. Nd2 b6 14. Rfe1 Ba6
15. Qd4 Rc8 16. e4 Rc2 17. Nf1 Rc4 18. Qd2 Ng6 19. Nxg6 hxg6 20. Ne3 Rcxe4 21.
Bxe4 Nxe4 22. Qd4 Ng5 23. Kg2 Re4 24. Qd1 Qd7 25. f4 Qh3+ 26. Kh1 Rd4 27. Qg4
Rd2 28. Qxh3 Nxh3 29. b3 Nf2+ 30. Kg1 Nh3+ 31. Kh1 Nf2+ 32. Kg1 Nh3+ 1/2-1/2

[Event "Landsturneringen 2007"]
[Site "Hamar"]
[Date "2007.07.07"]
[Round "1"]
[White "Urkedal, Frode Olav Olsen"]
[Black "Hammer, Jon Ludvig"]
[Result "1-0"]
[WhiteElo "2235"]
[BlackElo "2412"]

1. d4 Nf6 2. Bg5 e6 3. Nf3 h6 4. Bh4 c5 5. e3 cxd4 6. exd4 Be7 7. Bd3 b6 8.
Nbd2 Bb7 9. O-O O-O 10. Re1 d6 11. c3 Nbd7 12. a4 a6 13. Qe2 Re8 14. Nc4 Qc7
15. Ne3 Bf8 16. Nd2 e5 17. dxe5 dxe5 18. Ng4 Qc6 19. Nxf6+ Nxf6 20. f3 Nd5 21.
Be4 Qe6 22. Bg3 f5 23. Bc2 a5 24. Qxe5 Qxe5 25. Bxe5 Bc5+ 26. Bd4 Bxd4+ 27.
cxd4 Nf4 28. Bxf5 Ne2+ 29. Kf2 Nxd4 30. Bg6 Red8 31. Re7 Nc6 32. Rxb7 Rxd2+ 33.
Kg3 Nd4 34. Rxb6 Ne2+ 35. Kf2 Nc1+ 36. Ke3 Re2+ 37. Kf4 Rc8 38. Rxc1 1-0

[Event "Landsturneringen 2007"]
[Site "Hamar"]
[Date "2007.07.07"]
[Round "2"]
[White "Stokke, Kjetil"]
[Black "Lie, Espen"]
[Result "0-1"]
[WhiteElo "2353"]
[BlackElo "2404"]

1. Nf3 d5 2. d4 e6 3. c4 c5 4. cxd5 exd5 5. g3 Nc6 6. Bg2 Nf6 7. O-O Be7 8. Nc3
O-O 9. Bg5 c4 10. Ne5 Be6 11. f4 Ng4 12. Nxg4 Bxg4 13. Nxd5 Bxg5 14. fxg5 Qxg5
15. Rf4 Rfe8 16. Nc7 Rxe2 17. Rxg4 Qxg4 18. Nxa8 Nxd4 19. Rc1 h5 20. Kh1 Rxb2
21. Qf1 b5 22. Nc7 h4 23. Bd5 Nf5 24. Qf4 Rxh2+ 25. Kg1 Qxf4 26. gxf4 Rd2 27.
Bg2 Nd4 28. Kf1 Ne2 29. Ke1 Rxa2 30. Rd1 Nxf4 31. Rd8+ Kh7 32. Be4+ g6 33. Ne8
h3 34. Rd7 Kg8 35. Nf6+ Kf8 36. Nh7+ Kg7 37. Ng5 Kf6 38. Nh7+ Ke5 39. Bf3 h2
40. Ng5 Ng2+ 0-1

[Event "Landsturneringen 2007"]
[Site "Hamar"]
[Date "2007.07.07"]
[Round "2"]
[White "Tallaksen, Geir Sune"]
[Black "Djurhuus, Rune"]
[Result "1/2-1/2"]
[WhiteElo "2407"]
[BlackElo "2455"]

1. d4 Nf6 2. c4 g6 3. Nc3 Bg7 4. e4 d6 5. Nf3 O-O 6. Be2 e5 7. O-O Na6 8. Be3
Ng4 9. Bg5 Qe8 10. dxe5 dxe5 11. h3 f6 12. Bd2 Nh6 13. c5 Nxc5 14. Qc1 Nf7 15.
Nd5 Ne6 16. Nxc7 Nxc7 17. Qxc7 Nd8 18. Rfd1 Rf7 19. Qc3 Be6 20. Rac1 Qa4 21.
Bc4 Bxc4 22. Qxc4 Qxc4 23. Rxc4 Rd7 24. Kf1 Nf7 25. Ke2 Rad8 26. Rcc1 Nd6 27.
Be3 Nxe4 28. Rxd7 Rxd7 29. Bxa7 Kf7 30. Be3 Ke6 31. Rc2 f5 32. Nd2 Nxd2 33.
Bxd2 e4 34. f3 exf3+ 35. Kxf3 Be5 36. Bc3 Rd3+ 37. Ke2 Rd6 38. Bxe5 Kxe5 39.
Ke3 Rb6 1/2-1/2

[Event "Landsturneringen 2007"]
[Site "Hamar"]
[Date "2007.07.07"]
[Round "2"]
[White "Lie, Kjetil A"]
[Black "Sahl, Bjarke"]
[Result "1-0"]
[WhiteElo "2536"]
[BlackElo "2379"]

1. e4 e5 2. Nf3 Nc6 3. Bc4 Nf6 4. d3 Be7 5. O-O O-O 6. Re1 d6 7. c3 h6 8. Nbd2
Nh7 9. Nf1 Ng5 10. Ne3 Be6 11. Bb3 Bf6 12. Nd2 Ne7 13. h4 Bxb3 14. Nxb3 Ne6 15.
g3 c5 16. Qg4 Kh8 17. Qf3 Ng8 18. Nd5 Nc7 19. Ne3 Ne6 20. Ng4 h5 21. Nxf6 Nxf6
22. Be3 g6 23. d4 b6 24. d5 Ng7 25. Bg5 Nge8 26. Rf1 Kh7 27. a4 Rg8 28. Nd2 Kg7
29. Qe2 Qd7 30. Nc4 Qh3 31. Qf3 Nh7 32. Bd2 Rf8 33. Qg2 Qxg2+ 34. Kxg2 f5 35.
f4 fxe4 36. fxe5 dxe5 37. Nxe5 Nd6 38. c4 Nf6 39. Bc3 Kh7 40. Rae1 Nf5 41. Rf4
Rae8 42. Kh3 e3 43. Ref1 Rxe5 44. Bxe5 Ng4 45. Bc3 e2 46. Re1 Re8 47. Rxg4
hxg4+ 48. Kxg4 Nd4 49. d6 Re4+ 50. Kh3 Nc6 51. d7 Re7 52. Kg4 Rxd7 53. Rxe2 Nd8
54. Rd2 Rxd2 55. Bxd2 Nb7 56. Kf4 Nd6 57. b3 Nf5 58. Bc3 Kh6 59. Bf6 Kh7 60. g4
Nd6 61. Bc3 Nf7 62. Be5 1-0

[Event "Landsturneringen 2007"]
[Site "Hamar"]
[Date "2007.07.07"]
[Round "2"]
[White "Dannevig, Øystein"]
[Black "Hole, Øystein"]
[Result "1-0"]
[WhiteElo "2331"]
[BlackElo "2400"]

1. e4 c6 2. d4 d5 3. Nd2 dxe4 4. Nxe4 Bf5 5. Ng3 Bg6 6. h4 h6 7. Nf3 Nd7 8. h5
Bh7 9. Bd3 Bxd3 10. Qxd3 Qc7 11. Bd2 Ngf6 12. O-O-O e6 13. Ne4 Nxe4 14. Qxe4
Nf6 15. Qe2 O-O-O 16. Kb1 Bd6 17. c4 c5 18. Bc3 Rhe8 19. dxc5 Bxc5 20. Ne5
Rxd1+ 21. Rxd1 Rd8 22. Rxd8+ Kxd8 23. g4 Bd6 24. b3 Bxe5 25. Bxe5 Qd7 26. g5
Ne8 27. gxh6 gxh6 28. Bf4 f6 29. Kc2 Qh7+ 30. Kb2 e5 31. Qd2+ Ke7 32. Bxh6 b6
33. Qb4+ Ke6 34. Bf8 Kf5 35. h6 Qf7 36. a4 Kg6 37. a5 bxa5 38. Qc5 a6 39. Ka3
Nc7 40. Qe7 Qxe7+ 41. Bxe7 Ne8 42. Ka4 Kxh6 43. Kxa5 Kg5 44. c5 Kf5 45. Kxa6
1-0

[Event "Landsturneringen 2007"]
[Site "Hamar"]
[Date "2007.07.07"]
[Round "2"]
[White "Grønn, Atle"]
[Black "Østenstad, Berge"]
[Result "1-0"]
[WhiteElo "2422"]
[BlackElo "2491"]

1. Nf3 Nf6 2. c4 c5 3. g3 d5 4. d4 cxd4 5. Bg2 e6 6. O-O Bc5 7. Nxd4 Nc6 8. Nb3
Be7 9. cxd5 Nxd5 10. N1d2 O-O 11. Nc4 Bf6 12. Bd2 Qe7 13. Re1 Rd8 14. Qc1 e5
15. Be4 Be6 16. Ne3 Nd4 17. Nxd4 exd4 18. Nxd5 Bxd5 19. Bxd5 Rxd5 20. Qc4 Qd7
21. Qd3 h5 22. h4 Re8 23. Kg2 Qe6 24. Rac1 Re5 25. e3 dxe3 26. Bxe3 Qxa2 27.
Ra1 Qd5+ 28. Qxd5 Rxd5 29. Rxa7 Rb5 30. Rb1 Re4 31. Ra8+ Kh7 32. Ra2 Reb4 33.
Bc1 Rb3 34. Kf1 Kg6 35. Ke2 Kf5 36. Kd1 Bd4 37. Ra4 Bxb2 38. Rf4+ Ke6 39. Re4+
Kd5 40. Re3 Bc3 41. Rxb3 Rxb3 42. Kc2 1-0

[Event "Landsturneringen 2007"]
[Site "Hamar"]
[Date "2007.07.07"]
[Round "2"]
[White "Hansen, Torbjørn R"]
[Black "Hammer, Jon Ludvig"]
[Result "1-0"]
[WhiteElo "2336"]
[BlackElo "2412"]

1. e4 c5 2. Nf3 d6 3. d4 cxd4 4. Nxd4 Nf6 5. Nc3 a6 6. Bg5 e6 7. f4 Qb6 8. Qd2
Nc6 9. O-O-O Bd7 10. Nb3 Ng4 11. f5 Be7 12. Bf4 Nge5 13. Be2 Qc7 14. Kb1 O-O
15. g4 b5 16. g5 b4 17. Nd5 exd5 18. exd5 Bxf5 19. dxc6 Nxc6 20. Rhf1 Bg6 21.
h4 Ne5 22. h5 Be4 23. Rc1 a5 24. Qe3 Qb7 25. Nd2 Bd5 26. h6 Ng6 27. hxg7 Rfe8
28. Bd3 Bxg5 29. Qg3 Bf6 30. Nc4 Bxc4 31. Bxc4 Qe4 32. Bg5 Qe5 33. Bxf7+ Kxf7
34. Qb3+ d5 35. Bxf6 Qe4 36. Qh3 Kg8 37. b3 a4 38. Qd7 Qe6 39. Qb5 axb3 40.
axb3 Qa6 41. Qxd5+ Qe6 42. Rcd1 Qxd5 43. Rxd5 Ra6 44. Rb5 Ra7 45. Bb2 Rae7 46.
Rxb4 Ne5 47. Re4 Ng6 48. Rxe7 Rxe7 49. Rf5 Rb7 50. Bd4 Rb8 51. Kb2 Ne7 52. Rc5
Kf7 53. c3 Kg6 54. b4 h5 55. Be5 Re8 56. b5 Nc8 57. Rxc8 1-0

[Event "Landsturneringen 2007"]
[Site "Hamar"]
[Date "2007.07.07"]
[Round "2"]
[White "Fyllingen, Roy H"]
[Black "Ådnøy, Hallvard V"]
[Result "0-1"]
[WhiteElo "2407"]
[BlackElo "2289"]

1. d4 Nf6 2. c4 e6 3. Nf3 d5 4. Nc3 Be7 5. Bg5 O-O 6. e3 h6 7. Bh4 b6 8. Bd3
dxc4 9. Bxc4 Bb7 10. O-O Nbd7 11. Qd3 a6 12. a4 Nh5 13. Bg3 Nxg3 14. hxg3 c6
15. Rfd1 Bd6 16. Bb3 Qe7 17. Bc2 g6 18. a5 b5 19. Ne4 Bb4 20. Ne5 Rfd8 21. Qb3
Nxe5 22. dxe5 c5 23. Nd6 Bd5 24. Qd3 Rd7 25. e4 Bc6 26. Qe3 Kg7 27. f4 Rad8 28.
Kf2 c4 29. f5 Qg5 30. f6+ Kg8 31. Qxg5 hxg5 32. Kf3 Bxd6 33. exd6 Rxd6 34. Rxd6
Rxd6 35. Ke3 e5 36. Rf1 b4 37. b3 c3 38. Bd3 Rxd3+ 0-1

[Event "Landsturneringen 2007"]
[Site "Hamar"]
[Date "2007.07.07"]
[Round "2"]
[White "Gausel, Einar J"]
[Black "Ekeberg, Carl Fr"]
[Result "1/2-1/2"]
[WhiteElo "2519"]
[BlackElo "2331"]

1. d4 Nf6 2. Nf3 e6 3. g3 d5 4. Bg2 Be7 5. O-O O-O 6. c4 dxc4 7. Qc2 a6 8. Qxc4
b5 9. Qc2 Bb7 10. Bf4 Nc6 11. Nbd2 Rc8 12. Nb3 Nb4 13. Qc1 Nd7 14. Nc5 Nxc5 15.
dxc5 Qe8 16. Bd2 Nd5 17. Ne5 Ba8 18. Rd1 Nf6 19. Bxa8 Rxa8 20. Ba5 Rd8 21. Qc2
Rxd1+ 22. Rxd1 Qc8 23. Nc6 Re8 24. Nxe7+ Rxe7 25. c6 Re8 26. Bc3 e5 27. f3 Qe6
28. Ba5 Qxa2 29. Qd2 Qe6 30. Bxc7 Qxc6 31. Rc1 Qe6 32. e4 Rc8 33. Ba5 Rxc1+ 34.
Qxc1 h6 35. Qc7 Nd7 36. Kg2 Kh7 37. h4 h5 38. Bb4 Nb6 39. Bc5 Na4 40. b4 Nb2
41. Qd8 Nc4 1/2-1/2

[Event "Landsturneringen 2007"]
[Site "Hamar"]
[Date "2007.07.07"]
[Round "2"]
[White "Aulin-Jansson, Jøran"]
[Black "Elsness, Frode"]
[Result "0-1"]
[WhiteElo "2297"]
[BlackElo "2442"]

1. Nf3 Nf6 2. d4 g6 3. Bf4 Bg7 4. h3 c5 5. c3 Qb6 6. Qb3 d6 7. Qxb6 axb6 8. e3
O-O 9. Nbd2 cxd4 10. exd4 Nd5 11. Bg3 Nc6 12. Nb3 Nc7 13. Bc4 b5 14. Be2 b4 15.
c4 Ne6 16. O-O-O Na5 17. Kb1 Bh6 18. Nc1 Bd7 19. b3 b5 20. cxb5 Nc7 21. Bh4 Nd5
22. Rde1 Rfc8 23. Bg5 Bf5+ 24. Ka1 Rc2 25. Bd1 Nxb3+ 26. Nxb3 Rcxa2# 0-1

[Event "Landsturneringen 2007"]
[Site "Hamar"]
[Date "2007.07.07"]
[Round "2"]
[White "Forså, Espen"]
[Black "Urkedal, Frode Olav Olsen"]
[Result "1/2-1/2"]
[WhiteElo "2264"]
[BlackElo "2235"]

1. Nf3 Nf6 2. c4 c5 3. d4 cxd4 4. Nxd4 b6 5. Nc3 Bb7 6. Bg5 e6 7. Qd2 a6 8. f3
h6 9. Bh4 Ne4 10. Qf4 g5 11. Nxe4 Bb4+ 12. Kf2 gxf4 13. Bxd8 Kxd8 14. Rd1 Bxe4
15. fxe4 Bc5 16. Kf3 Bxd4 17. Rxd4 Nc6 18. Rd2 Ne5+ 19. Kxf4 Nxc4 20. Rc2 Na5
21. e3 Nc6 22. Be2 Rg8 23. g3 Ke7 24. Rd1 Rg6 25. Kf3 Rg5 26. a3 Rc5 27. Rdc1
Rxc2 28. Rxc2 Rc8 29. Kf4 b5 30. e5 f6 31. exf6+ Kxf6 32. e4 Rf8 33. Ke3 Rg8
34. b3 Rg5 35. Rd2 Ke7 36. Rc2 Kd6 37. g4 Rg8 38. Rd2+ Ke7 39. a4 bxa4 40. bxa4
a5 41. Rb2 Ne5 42. h3 Rc8 43. Rb5 d6 44. Rxa5 Rc3+ 1/2-1/2

[Event "Landsturneringen 2007"]
[Site "Hamar"]
[Date "2007.07.07"]
[Round "3"]
[White "Lie, Espen"]
[Black "Dannevig, Øystein"]
[Result "1/2-1/2"]
[WhiteElo "2404"]
[BlackElo "2331"]

1. Nf3 Nf6 2. d4 e6 3. g3 c5 4. Bg2 cxd4 5. Nxd4 d5 6. O-O e5 7. Nf3 Nc6 8. c4
d4 9. e3 Be7 10. exd4 exd4 11. Bf4 Qb6 12. Nbd2 O-O 13. Qb3 Nd7 14. Rfe1 Bb4
15. a3 Nc5 16. Qc2 d3 17. Qb1 Bxd2 18. Nxd2 Bf5 19. Be3 a5 20. g4 Bg6 21. f4 f5
22. g5 Rfe8 23. Kh1 Rad8 24. Bf2 Rxe1+ 25. Qxe1 Re8 26. Bd5+ Kh8 27. Qc1 Re2
28. Bg1 Ne7 29. Bf3 Qd6 30. Bxc5 Qxc5 31. Bxe2 dxe2 32. Qg1 Qd6 33. Qe3 Bh5 34.
Re1 h6 35. Rxe2 Bxe2 36. Qxe2 Ng6 37. gxh6 Nxf4 38. hxg7+ Kxg7 39. Qe3 a4 40.
Nf3 Qd1+ 41. Ng1 Qf1 42. Qe7+ Kg6 43. Qxb7 Qxc4 44. Qf3 Qe4 45. h4 Nd3 46. Qxe4
fxe4 47. Kg2 Nxb2 48. Ne2 Kf5 49. Ng3+ Ke5 50. h5 Nc4 51. h6 Kf6 52. Nxe4+ Kg6
53. Nc3 Nxa3 54. Nxa4 Kxh6 1/2-1/2

[Event "Landsturneringen 2007"]
[Site "Hamar"]
[Date "2007.07.07"]
[Round "3"]
[White "Ådnøy, Hallvard V"]
[Black "Tallaksen, Geir Sune"]
[Result "1/2-1/2"]
[WhiteElo "2289"]
[BlackElo "2407"]

1. e4 e5 2. Nf3 Nc6 3. Bb5 a6 4. Ba4 Nf6 5. O-O Be7 6. Re1 b5 7. Bb3 d6 8. c3
O-O 9. h3 Nb8 10. d4 Nbd7 11. Nbd2 Bb7 12. Bc2 Re8 13. Nf1 Bf8 14. Ng3 g6 15.
a4 Bg7 16. Bd3 c6 17. b3 Qc7 18. Bb2 d5 19. dxe5 Nxe5 20. Nxe5 Qxe5 21. Qc2
dxe4 22. Nxe4 Nxe4 23. Rxe4 Qf6 24. Rae1 Rxe4 25. Rxe4 c5 26. Re3 Bc6 27. Be4
bxa4 28. bxa4 Rb8 29. Ba3 c4 30. Bc5 Qe6 31. Bf3 Qc8 32. Bd6 Ra8 1/2-1/2

[Event "Landsturneringen 2007"]
[Site "Hamar"]
[Date "2007.07.07"]
[Round "3"]
[White "Djurhuus, Rune"]
[Black "Grønn, Atle"]
[Result "1-0"]
[WhiteElo "2455"]
[BlackElo "2422"]

1. e4 c5 2. Nf3 e6 3. Qe2 b6 4. g3 Bb7 5. Bg2 Nf6 6. d3 Be7 7. O-O d6 8. c4 Nc6
9. Nc3 O-O 10. Rd1 Nd4 11. Nxd4 cxd4 12. Nb1 Nd7 13. Nd2 Nc5 14. f4 e5 15. Nf3
Qc7 16. f5 Bc6 17. Bd2 a5 18. b3 b5 19. Kh1 Rfb8 20. Bc1 Ra7 21. g4 h6 22. h4
Kf8 23. g5 hxg5 24. hxg5 Ke8 25. Nh4 Kd8 26. Qh5 Bf8 27. Qh8 Qe7 28. f6 gxf6
29. gxf6 Qe8 30. Kh2 Kc7 31. Bh3 bxc4 32. bxc4 Ba4 33. Rd2 Rab7 34. Ba3 Rb1 35.
Rxb1 Rxb1 36. Bxc5 dxc5 37. Rg2 Rb8 38. Rg8 Bc2 39. Bf1 a4 40. a3 Bd1 41. Nf5
Bg7 42. Rxe8 Bxh8 43. Re7+ Kb6 44. Rxf7 Bh5 45. Re7 Rf8 46. Re6+ Ka7 47. Rxe5
Bxf6 48. Rxc5 Bd1 49. Rd5 Bg4 50. Bg2 Bxf5 51. exf5 Ka6 52. Rd6+ Ka5 53. Re6
Bg5 54. Bb7 Rf6 55. Re5+ Kb6 56. Rb5+ Ka7 57. Bc8 Rb6 58. Bd7 Rd6 59. Be6 Rb6
60. Ra5+ Ra6 61. Rd5 Bc1 62. Rxd4 Bxa3 63. Rd7+ Kb8 64. d4 Bb2 65. c5 a3 66.
Ba2 Kc8 67. Rd5 Ra4 68. f6 Rxd4 69. f7 Rf4 70. Rg5 Kd7 71. Rg8 Be5 72. Kg2 1-0

[Event "Landsturneringen 2007"]
[Site "Hamar"]
[Date "2007.07.07"]
[Round "3"]
[White "Hole, Øystein"]
[Black "Forså, Espen"]
[Result "1-0"]
[WhiteElo "2400"]
[BlackElo "2264"]

1. Nf3 d5 2. d4 Nf6 3. c4 e6 4. Nc3 Bb4 5. Bg5 h6 6. Bh4 g5 7. Bg3 Ne4 8. Qc2
h5 9. h3 Nxg3 10. fxg3 Bd6 11. O-O-O Bxg3 12. e4 dxe4 13. Nxe4 Bf4+ 14. Kb1 h4
15. Be2 Nd7 16. Rhe1 f5 17. Nc3 Qf6 18. c5 Kf7 19. Bc4 Nf8 20. d5 c6 21. dxe6+
Bxe6 22. Bxe6+ Nxe6 23. Qb3 Rhe8 24. Qxb7+ Kg6 25. Qxc6 Rac8 26. Qb5 Nc7 27.
Qc4 Rxe1 28. Rxe1 Qf7 29. Nxh4+ Kg7 30. Re7 Qxe7 31. Nxf5+ Kf6 32. Nxe7 Kxe7
33. Qe4+ 1-0

[Event "Landsturneringen 2007"]
[Site "Hamar"]
[Date "2007.07.07"]
[Round "3"]
[White "Østenstad, Berge"]
[Black "Fyllingen, Roy H"]
[Result "1-0"]
[WhiteElo "2491"]
[BlackElo "2407"]

1. c4 e5 2. g3 Nf6 3. Bg2 d5 4. cxd5 Nxd5 5. Nf3 Nc6 6. O-O Be7 7. d4 exd4 8.
Nxd4 Nxd4 9. Qxd4 Nf6 10. Qxd8+ Bxd8 11. Nc3 c6 12. e4 O-O 13. Be3 Ng4 14. Bc5
Re8 15. h3 Ne5 16. Rfd1 b6 17. Bd4 Ba6 18. f4 Ng6 19. e5 Rc8 20. Bf2 Nf8 21.
Ne4 Bc7 22. Nd6 Bxd6 23. Rxd6 c5 24. a4 Bc4 25. a5 Re6 26. axb6 axb6 27. Rd2
Re7 28. Rc1 Be6 29. Rd6 Rb8 30. g4 g6 31. Rcd1 Bb3 32. R1d3 Bc4 33. Rc3 Be6 34.
Be4 Ra7 35. f5 Bd7 36. Rb3 Re8 37. e6 fxe6 38. fxg6 hxg6 39. Rbxb6 Bc8 40. Rb5
Ra4 41. Bc6 Re7 42. Rb8 Ra1+ 43. Kg2 Rc7 44. Be4 Bd7 45. Bg3 Ra4 46. Bxg6 Kg7
47. Bc2 Rb4 48. Be5+ Kf7 49. Rxb4 cxb4 50. Rd2 Bc6+ 51. Kg3 Rb7 52. Bb3 Nd7 53.
Bd6 Nf6 54. Rf2 Rd7 55. g5 Rxd6 56. Rxf6+ Ke7 57. Bc4 b3 58. h4 Rd4 59. Rf4 Rd2
60. Rf2 Rd4 61. Be2 Be4 62. h5 Bf5 63. h6 Bg6 64. Rh2 Rd8 65. Kf4 Kf7 66. Ke3
Bf5 67. Bh5+ Ke7 68. Rd2 Rg8 69. Rg2 Rd8 70. g6 Kf6 71. g7 Bh7 72. Be2 Kf7 73.
Bc4 Kf6 74. Rd2 Re8 75. Bd3 Bxd3 76. Kxd3 Kg6 77. Rg2+ Kh7 78. Ke4 Rb8 79.
g8=Q+ Rxg8 80. Rxg8 Kxg8 81. Ke5 Kh7 82. Kxe6 Kxh6 83. Kd5 Kg6 84. Kc4 Kf5 85.
Kxb3 Ke5 86. Ka4 Kd6 87. Kb5 Kc7 88. Ka6 Kb8 89. b4 Ka8 90. Kb6 Kb8 91. b5 Ka8
92. Kc7 1-0

[Event "Landsturneringen 2007"]
[Site "Hamar"]
[Date "2007.07.07"]
[Round "3"]
[White "Ekeberg, Carl Fr"]
[Black "Hansen, Torbjørn R"]
[Result "1/2-1/2"]
[WhiteElo "2331"]
[BlackElo "2336"]

1. Nf3 Nf6 2. c4 e6 3. Nc3 c5 4. g3 b6 5. Bg2 Bb7 6. O-O Be7 7. Re1 Ne4 8. d4
Nxc3 9. bxc3 Be4 10. Bf1 Bxf3 11. exf3 O-O 12. d5 Bf6 13. Bd2 exd5 14. cxd5 d6
15. Rb1 Qc7 16. f4 a6 17. a4 Nd7 18. Qc2 Rfb8 19. Bc4 Nf8 20. Qd3 Qc8 21. Re2
h5 22. Kg2 1/2-1/2

[Event "Landsturneringen 2007"]
[Site "Hamar"]
[Date "2007.07.07"]
[Round "3"]
[White "Sahl, Bjarke"]
[Black "Stokke, Kjetil"]
[Result "1-0"]
[WhiteElo "2379"]
[BlackElo "2353"]

1. d4 Nf6 2. Nf3 g6 3. g3 Bg7 4. Bg2 O-O 5. O-O d6 6. c4 Nc6 7. d5 Na5 8. Na3
c5 9. Qe1 b5 10. cxb5 Nxd5 11. Bd2 Nb7 12. e4 Nb6 13. Bc3 Bh6 14. Qe2 Be6 15.
b3 Qc8 16. Rad1 a6 17. Ba1 Nd8 18. Qb2 f6 19. e5 d5 20. exf6 exf6 21. Rfe1 Ra7
22. b4 c4 23. Qd4 Qb8 24. Qh4 Bg7 25. Bd4 a5 26. Nc2 g5 27. Qh5 Bf7 28. Qh3 Bg6
29. Bxb6 Qxb6 30. Nfd4 axb4 31. Nxb4 f5 32. Bxd5+ Kh8 33. Ne6 g4 34. Qh4 Bf6
35. Qh6 Nxe6 36. Rxe6 Qc5 37. Na6 Qa3 38. Bxc4 Bg7 39. Qf4 Qa4 40. Red6 Re7 41.
Nc5 Qb4 42. Ne6 Rfe8 43. Rd8 Bf6 44. Rxe8+ Rxe8 45. Bb3 Qa5 46. Qd6 Qc3 47. b6
Be5 48. Qc5 Qb2 49. Nf4 Rb8 50. Nd3 Bd4 51. Qd6 1-0

[Event "Landsturneringen 2007"]
[Site "Hamar"]
[Date "2007.07.07"]
[Round "3"]
[White "Elsness, Frode"]
[Black "Gausel, Einar J"]
[Result "0-1"]
[WhiteElo "2442"]
[BlackElo "2519"]

1. d4 Nf6 2. c4 c5 3. d5 e5 4. Nc3 d6 5. e4 Be7 6. g3 O-O 7. Bg2 Nbd7 8. Nge2
a6 9. O-O Rb8 10. a4 b6 11. h3 Ne8 12. Qd3 h5 13. f4 h4 14. f5 hxg3 15. Qxg3
Ndf6 16. Bf3 Nh7 17. Kh1 Bg5 18. Rg1 Bxc1 19. Nxc1 Qf6 20. Nd3 Qh6 21. Rg2 Kh8
22. Be2 Rg8 23. Rag1 Bd7 24. Nf2 Nef6 25. Qd3 g6 26. fxg6 Rxg6 27. Rxg6 fxg6
28. Qg3 Rg8 29. Bg4 Nh5 30. Bxh5 Qxh5 31. Ng4 Rf8 32. Kg2 Ng5 33. Rf1 Rf4 34.
Ne2 Rxf1 35. Kxf1 Nxe4 36. Qg2 Bf5 37. Ke1 Kg7 38. Kd1 Qg5 39. Nc3 Nf6 40. Ke1
Bxg4 41. hxg4 Qc1+ 0-1

[Event "Landsturneringen 2007"]
[Site "Hamar"]
[Date "2007.07.07"]
[Round "3"]
[White "Hammer, Jon Ludvig"]
[Black "Aulin-Jansson, Jøran"]
[Result "1-0"]
[WhiteElo "2412"]
[BlackElo "2297"]

1. e4 e6 2. d4 d5 3. Nc3 Nf6 4. e5 Nfd7 5. f4 c5 6. Nf3 Nc6 7. Be3 a6 8. Qd2 b5
9. dxc5 Bxc5 10. Bxc5 Nxc5 11. Qf2 Qe7 12. O-O-O b4 13. Ne2 a5 14. Ned4 Nxd4
15. Nxd4 Bd7 16. Nb5 O-O 17. Nd6 Ne4 18. Nxe4 dxe4 19. Rd6 Rfc8 20. Ba6 Rcb8
21. Qd4 Be8 22. Qxe4 a4 23. Bd3 g6 24. Kb1 Ra5 25. Bc4 Rc5 26. Rhd1 Qc7 27. b3
Bc6 28. Qd4 Bxg2 29. Rd7 Qb6 30. f5 Bc6 31. Rd6 gxf5 32. Qh4 Kf8 33. Rd8+ 1-0